Altes Tafelsilber (Record no. 7760)

MARC details
000 -CABECERA
campo de control de longitud fija 00712nam a2200229 a 4500
001 - NÚMERO DE CONTROL
campo de control BRCA_8092
005 - FECHA Y HORA DE LA ÚLTIMA TRANSACCIÓN
campo de control 20190320210129.0
008 - DATOS DE LONGITUD FIJA--INFORMACIÓN GENERAL
campo de control de longitud fija 070414s1964----gw-a###f##---#001-0#ger-#
041 ## - CÓDIGO DE LENGUA
Código de lengua del texto/banda sonora o título independiente ger
044 ## - CÓDIGO DEL PAÍS DE LA ENTIDAD EDITORA/PRODUCTORA
Código MARC del país gw
050 #4 - SIGNATURA TOPOGRÁFICA DE LA BIBLIOTECA DEL CONGRESO
Número de clasificación NK7230
Número de documento/Ítem .B78
-- 1964
100 1# - ENTRADA PRINCIPAL--NOMBRE DE PERSONA
Nombre de persona Brunner, Herbert
9 (RLIN) 20124
245 10 - MENCIÓN DE TÍTULO
Título Altes Tafelsilber
Resto del título ein brevier für sammler und liebhaber
Mención de responsabilidad, etc. Herber Brunner.
260 ## - PUBLICACIÓN, DISTRIBUCIÓN, ETC.
Lugar de publicación, distribución, etc. Munchen
Nombre del editor, distribuidor, etc. F. Bruckmann
Fecha de publicación, distribución, etc. 1964
300 ## - DESCRIPCIÓN FÍSICA
Extensión 223 p.
Otras características físicas il. (algunas a color) 261 láminas
Dimensiones 25 cm.
500 ## - NOTA GENERAL
Nota general Y130
500 ## - NOTA GENERAL
Nota general Libro igual a Y139
650 14 - PUNTO DE ACCESO ADICIONAL DE MATERIA--TÉRMINO DE MATERIA
Término de materia o nombre geográfico como elemento de entrada Platería antigua
Subdivisión de forma Catálogos
Subdivisión geográfica Europa
9 (RLIN) 20125
650 14 - PUNTO DE ACCESO ADICIONAL DE MATERIA--TÉRMINO DE MATERIA
Término de materia o nombre geográfico como elemento de entrada Platería antigua
Subdivisión de forma Coleccionistas y colecciones
Subdivisión geográfica Europa
9 (RLIN) 20126
902 ## - CATALOGADOR
Iniciales GFM
942 ## - ELEMENTOS DE PUNTO DE ACCESO ADICIONAL (KOHA)
Fuente del sistema de clasificación o colocación Library of Congress Classification
Tipo de ítem Koha Libros
Holdings
Estado de retiro Estado de pérdida Estado dañado No para préstamo Localización permanente Ubicación/localización actual Fecha de adquisición Número de inventario Total de préstamos Signatura topográfica completa Código de barras Fecha visto por última vez Precio válido a partir de Tipo de ítem Koha
El ejemplar forma parte de la colección y puede ser consultado según las políticas vigentes.       Biblioteca del Museo Franz Mayer (Rogerio Casas-Alatriste) Biblioteca del Museo Franz Mayer (Rogerio Casas-Alatriste) 07/04/2014 Y130   NK7230 .B78 1964 (Y130) 8716 22/03/2019 22/03/2019 Libros